Music Quiz

Random Music or Rap Quiz

Album Covers: Hip Hop Quiz Stats

Quiz Updated Mar 11, 2013

Also try: Album Covers IV
Challenge
Share
Tweet
Score 0/20 Timer 05:00
0 Plays Today
% Correct
Dr. Dre, The Chronic
84.2%
Nas, Illmatic
78%
Jay-Z, The Blueprint
74.5%
Eminem, The Marshall Mathers LP
62%
Kanye West, Late Registration
58.4%
Wu-Tang Clan, Enter the Wu-Tang (36 Chambers)
58%
2Pac, All Eyez on Me
57.8%
OutKast, Stankonia
57.5%
Kendrick Lamar, Good Kid, M.A.A.D City
54.8%
Eric B. & Rakim, Paid in Full
38.3%
% Correct
A Tribe Called Quest, The Low End Theory
37.3%
Public Enemy, It Takes a Nation of Millions to Hold Us Back
29.4%
Beastie Boys, Paul's Boutique
26.5%
Madvillain, Madvillainy
25.8%
De La Soul, 3 Feet High and Rising
24%
J Dilla, Donuts
23.7%
The Roots, Things Fall Apart
19.6%
Run-D.M.C., Raising Hell
16.6%
Deltron 3030, Deltron 3030
13.8%
Dr. Octagon, Dr. Octagonecologyst
5.5%

You're not logged in!

Compare scores with friends on all Sporcle quizzes.
Sign Up with Email
OR
Log In

You Might Also Like...

Show Comments

Extras

Top Quizzes Today


Score Distribution

Your Account Isn't Verified!

In order to create a playlist on Sporcle, you need to verify the email address you used during registration. Go to your Sporcle Settings to finish the process.

Report this User

Report this user for behavior that violates our Community Guidelines.

Details: